| 000 | 01975nam a2200253 a 4500 | ||
|---|---|---|---|
| 001 | 71939 | ||
| 003 | BD-RjUL | ||
| 005 | 20211209082205.0 | ||
| 008 | 170509s1965 nyuabc b i100 0 eng c | ||
| 035 | _a(BD-RjUL) | ||
| 040 |
_aDLC/ICU _cCGU _dBD-RjUL _beng |
||
| 041 | _aeng | ||
| 051 |
_aTK9006 _b.I5 1964 _cCopy 2. |
||
| 082 | 0 |
_a621.48 _223 _bINP 1965 |
|
| 090 |
_aNcl _b539.15 UNI |
||
| 111 | 2 |
_aInternational Conference on the Peaceful Uses of Atomic Energy _n(3rd : _d1964 : _cGeneva, Switzerland) _9212768 |
|
| 245 | 1 | 0 |
_aProceedings of the third International Conference on the Peaceful Uses of Atomic Energy : _bheld in Geneva 8 August-20 Agust 1964 / _cInternational Conference on the Peaceful Uses of Atomic Energy. |
| 260 |
_aNew York : _bUnited Nations, _c1965. |
||
| 300 |
_av. : _bill. ; _c29 cm. |
||
| 505 | 0 | _av. 1. The worlds requirements for energy : the role of nuclear energy -- v. 2. Physics; research reactors -- v. 3. Power Reactor -- v. 4. Cross section important to reactor design -- v. 5-6. Physics of reactor design : 1. Gas-cooled and water-cooled reactors. 2. Fast reactors and advanced concepts -- v. 7. Nuclear chemistry and effects of irradiation -- v. 8. Production technology of the materials used for nuclear energy -- v. 9. Reactor technology and chemical processing -- v. 10-12. Radioactive isotopes and nuclear radiations in medicine 1. Fabricaton and reprocessing. 2. Radioactive isotopes and ionizing radiations in agriculture, physiology, and biochemistry. 3. Raw materials -- v. 13. Legal, administration, health and safety aspects of large-scale use of nuclear energy -- v. 14. General aspects of the use of radioactive isotopes : dosimetry -- v. 15. Applications of radioactive isotopes and fission products in research and industry -- v. 16.Record of the conference -- v. 17. Index of the proceedings. | |
| 650 | 0 |
_aNuclear engineering _vCongresses. _9212769 |
|
| 650 | 0 |
_aNuclear energy _vCongresses. _9212770 |
|
| 942 |
_2ddc _cBK |
||
| 999 |
_c71939 _d71939 |
||